000 00512nam a2200145Ia 4500
008 220216s9999 xx 000 0 und d
100 _aMathew J
245 0 _aAdvanced integrated technology for the treatment of ribbed smoked sheeet processing effluent
260 _bIn: Towards Inclusive Rubber Development (Ed. C. Kuruvilla Jacob). The Rubber Board, Kottayam, India, pp. 208-215.
_c2009
700 _aDoraisamy P.
700 _aJacob C.K
700 _aKamaraj S.
700 _aKuruvilla Eapen
942 _cBS
999 _c51578
_d51578